Valores superiores e interpretación constitucional
保存先:
| 第一著者: | |
|---|---|
| フォーマット: | 図書 |
| 言語: | スペイン語 |
| 出版事項: |
Madrid
Centro de Estudios Políticos y Constitucionales
1997
|
| シリーズ: | Colección Estudios Constitucionales
|
| 主題: | |
| タグ: |
タグ追加
タグなし, このレコードへの初めてのタグを付けませんか!
|
MARC
| LEADER | 00000nam a2200000 a 4500 | ||
|---|---|---|---|
| 001 | UCP0727 | ||
| 003 | CL-VaPUC | ||
| 008 | 990319e19970000SP |||||||||||||||||spa|d | ||
| 082 | 0 | 4 | |a 342.46 |b DIA |2 21 |
| 100 | 0 | |a Díaz Revorio, Francisco Javier |e author |9 426213 | |
| 245 | 1 | 0 | |a Valores superiores e interpretación constitucional |
| 300 | |a 592 p | ||
| 942 | |c BK | ||
| 945 | |d 19990319 00:00:00 |a aarredon | ||
| 260 | |a Madrid |b Centro de Estudios Políticos y Constitucionales |c 1997 | ||
| 650 | 7 | |a INTERPRETACION CONSTITUCIONAL |2 CL-VaPUC |9 424493 | |
| 650 | 0 | |a Constituciones |9 255417 | |
| 650 | 0 | |a Jurisdicción |9 255090 | |
| 650 | 0 | |a Tribunal constitucional |9 255000 | |
| 650 | 0 | |a Ordenamiento jurídico |9 355371 | |
| 650 | 0 | |a Estado |9 255503 | |
| 650 | 0 | |a Fuentes del derecho |9 255162 | |
| 650 | 0 | |a Proceso judicial |9 258564 | |
| 650 | 0 | |a Poder judicial |9 254871 | |
| 650 | 0 | |a Naturaleza jurídica |9 371885 | |
| 650 | 0 | |a Filosofía del derecho |9 255050 | |
| 651 | 0 | |a España |9 254926 | |
| 583 | |a last modification |c 19990319 00:00:00 |k Rodrigo Vera | ||
| 490 | 0 | |a Colección Estudios Constitucionales | |
| 999 | |c 279479 |d 279477 | ||
| 952 | |0 0 |1 0 |4 0 |6 342_460000000000000_DIA_1997 |7 0 |8 A |9 319019 |a BIBDER |b BIBDER |d 2019-11-20 |i 3505502 |o 342.46 DIA 1997 |p 3505502 |r 2023-01-25 |w 2019-11-20 |y BK |k DER | ||